| 000 | 01197nam a2200385 i 4500 | ||
|---|---|---|---|
| 001 | 1783 | ||
| 003 | KOSZ 005 | ||
| 005 | 20250627063937.0 | ||
| 008 | 040519s1976 pl a f |001 0 pol | ||
| 015 | _aPB 1976/1427 | ||
| 035 | _a(OCoLC)749614621 | ||
| 040 |
_aWA N _bWA N _cKOSZ 005/HR |
||
| 041 | 0 | _apol | |
| 046 | _k1976 | ||
| 080 | _a621.9 | ||
| 080 | _a621.01 | ||
| 100 | 1 |
_aPaderewski, Karol _eAutor |
|
| 245 | 1 | 0 |
_aZarys kinematyki obrabiarek / _cKarol Paderewski. |
| 260 |
_aWarszawa : _bWydawnictwa Naukowo-Techniczne, _c1976. |
||
| 300 |
_a326, [2] s. : _bil., tab., wykr. ; _c24 cm. |
||
| 336 |
_2rdacontent _aTekst _btxt |
||
| 337 |
_2rdamedia _aBez urządzenia pośredniczącego _bn |
||
| 338 |
_2rdacarrier _aWolumin _bnc |
||
| 380 | _aKsiążki | ||
| 388 | _a1901-2000 | ||
| 388 | _a1945-1989 | ||
| 504 | _aBibliogr. s. [318]. Indeks. | ||
| 658 | _aInżynieria i technika | ||
| 650 | 4 | _aObrabiarka | |
| 650 | 4 | _aMechanika | |
| 650 | 4 | _aKinematyka | |
| 710 | 2 |
_aWydawnictwa Naukowo-Techniczne _4pbl. |
|
| 856 |
_uhttp://koha.tu.koszalin.pl/cgi-bin/koha/opac-detail.pl?biblionumber=1783 _yKatalog online BPK |
||
| 942 |
_2UKD _cKS |
||
| 999 |
_c1783 _d1783 |
||